000 00452nam a2200169Ia 4500
003 GCL
008 140319s9999 xx 000 0 eng d
040 _aGCL /
_cGCL
082 0 4 _a746.46
_bM F
100 1 _aMALONE, MAGGIE
245 1 0 _a500 FULL-SIZE PATCHWORK PATTERNS /
_cMALONE, MAGGIE
260 _a[S.N] :
_bSTERLING PUBLISHING CO. INC. ،
_c1985
300 _a168 P
650 0 4 _aPATCH WORK
650 0 4 _aPATCH WORK PATTERN
942 _2ddc
_cBK
999 _c20765
_d20765